| 000 | 00763nam a2200205 i 4500 | ||
|---|---|---|---|
| 001 | 51082 | ||
| 003 | ES-MaACL | ||
| 005 | 20250824055130.0 | ||
| 007 | t| | ||
| 008 | 030808s1983 sp ||||1| spa d | ||
| 100 | 1 |
_aCustodio, Alvaro. _942279 |
|
| 245 | 1 | 3 |
_aEl sacrificio de Panda-Murti _b: tragifarsa en tres actos / _cde Alvaro Custodio. |
| 260 |
_a[Madrid : _bCentro Español del Instituto Internacional del Teatro, _c1983] |
||
| 300 |
_a77 p. ; _c21 cm. |
||
| 490 | 1 |
_aColección de teatro ; _v4 |
|
| 710 | 2 |
_aInstituto Internacional del Teatro. _bCentro Español. _92733 |
|
| 830 | 0 | 0 |
_aColección de teatro (Centro Español del Instituto Internacional de Teatro) _v4 _9182343 |
| 852 |
_aES-MaACL _jL-7658 _bR.105903 |
||
| 999 |
_c51082 _d51082 |
||